000 00873nmm a2200265 a 4500
001 ocm000701054
003 TR-IsHL
005 20201028133403.0
008 131121s1967 tu tur
007 cr cn
035 _a701054
_b(N$T)
050 0 4 _aHF1359
_b.R619 1967
090 0 4 _aHF1359
_b.R619 1967
100 1 _aRöpke, Wilhelm
245 1 0 _aÇağımızın buhranı
_h[electronic resource] /
_cWilhelm Röpke ; çev.Orhan Tahsin Günden
260 _aİstanbul :
_bİstanbul Ticaret Odası,
_c1967
300 _a255 p.
650 4 _aEkonomi ve Finans
650 4 _aEconomics and Finance
650 0 _aEkonomi tarihi
650 0 _aEconomic history
650 7 _aBUSINESS & ECONOMICS / Economic History
_2bisacsh
700 1 _aGünden, Orhan Tahsin
856 4 0 _uhttp://search.ebscohost.com/login.aspx?direct=true&scope=site&db=e011xww&AN=701054
999 _c5613
_d5613